Journey into the mind of an islamic terrorist : why they hate us and how we can change their minds (Record no. 31699)
[ view plain ]
| 000 -LEADER | |
|---|---|
| fixed length control field | 00595nam a2200169Ia 4500 |
| 020 ## - INTERNATIONAL STANDARD BOOK NUMBER | |
| ISBN | 9781591857136 |
| 050 ## - CALL MARK | |
| Classification number | BP 182 .G34/ |
| 100 ## - STATEMENT OF RESPONSIBILITY--MAIN AUTHOR NAME | |
| Personal name | Gabriel, Mark A. |
| 245 #0 - TITLE STATEMENT | |
| Title | Journey into the mind of an islamic terrorist : why they hate us and how we can change their minds |
| 260 ## - PUBLICATION, DISTRIBUTION, ETC. (IMPRINT) | |
| Name of publisher | Front Line |
| 260 ## - PUBLICATION, DISTRIBUTION, ETC. (IMPRINT) | |
| Year of publication | 2006 |
| 300 ## - PHYSICAL DESCRIPTION | |
| Number of Pages | 219 p |
| 650 ## - SUBJECT ADDED ENTRY--TOPICAL TERM | |
| Topical Term | Jihad. Terrorism--Religious aspects--Islam. Violence--Religious aspects--Islam. Islamic fundamentalism. Islam and politics. |
| 942 ## - ADDED ENTRY ELEMENTS (KOHA) | |
| Koha item type | Books |
| Withdrawn status | Lost status | Source of classification or shelving scheme | Damaged status | Not for loan | Permanent Location | Current Location | Date acquired | Accession Number | Price effective from | Koha item type |
|---|---|---|---|---|---|---|---|---|---|---|
| Library of Congress Classification | NILE UNIVERSITY OF NIGERIA - MAIN LIBRARY | NILE UNIVERSITY OF NIGERIA - MAIN LIBRARY | 04/23/2025 | 0187249 | 04/23/2025 | Books |